| Tag |
First Indicator |
Second Indicator |
Subfields |
| LEADER |
00000cam a2200000 a 4500 |
| 001 |
in00001487513 |
| 005 |
20151021070658.0 |
| 008 |
990601s1960 ru a b 001 0 rus d |
| 035 |
|
|
|a (OCoLC)41462981
|
| 035 |
|
|
|9 AJH0721AM
|
| 040 |
|
|
|a TXA
|c TXA
|d UtOrBLW
|
| 049 |
|
|
|a TXAM
|
| 090 |
|
|
|a D727
|b .H2517 1960
|
| 100 |
1 |
|
|a Hájek, Jiří,
|d 1913-1993.
|
| 240 |
1 |
0 |
|a Mnichov.
|l Russian
|
| 245 |
1 |
0 |
|a Mi︠u︡nkhen /
|c Irzhi Gaek.
|
| 264 |
|
1 |
|a Moskva :
|b Iz-vo sot︠s︡.-ekonom. literatury,
|c 1960.
|
| 300 |
|
|
|a 225 pages :
|b illustrations ;
|c 21 cm.
|
| 336 |
|
|
|a text
|b txt
|2 rdacontent
|
| 337 |
|
|
|a unmediated
|b n
|2 rdamedia
|
| 338 |
|
|
|a volume
|b nc
|2 rdacarrier
|
| 630 |
0 |
0 |
|a Munich Four-Power Agreement
|d (1938)
|
| 948 |
|
|
|a c:tc
|
| 999 |
|
|
|a MARS
|
| 999 |
f |
f |
|s 18489519-5d4b-3d67-9951-bbdccdff27ab
|i 3019a289-6aa7-3f5b-9eca-a03f9d10bba6
|t 0
|
| 952 |
f |
f |
|p ric
|a Texas A&M University
|b Rellis Campus
|c Joint Library Facility
|d Remote Storage
|t 0
|e D727 .H2517 1960
|h Library of Congress classification
|i unmediated -- volume
|m A14824206798
|
| 998 |
f |
f |
|a D727 .H2517 1960
|t 0
|l Remote Storage
|